Obchodné aspekty spolupráce v rámci Európskej susedskej politiky diplomová práca

Enregistré dans:
Détails bibliographiques
Auteur principal: Mrázová, Lucia
Collectivité auteur: Obchodná fakulta EU. Katedra medzinárodného obchodu
Autres auteurs: Silná, Zuzana
Format: Livre
Langue:slovaque
Publié: Bratislava 2010
Tags: Ajouter un tag
Pas de tags, Soyez le premier à ajouter un tag!

MARC

LEADER 00000nam a2200000 4500
001 0120174
005 20240318122927.1
041 0 |a slo 
044 |a SK 
245 1 0 |a Obchodné aspekty spolupráce v rámci Európskej susedskej politiky  |b diplomová práca  |c Lucia Mrázová ; škol. Zuzana Silná 
264 1 |a Bratislava  |c 2010 
300 |a 62 s. 
100 1 |a Mrázová, Lucia 
700 1 |a Silná, Zuzana 
710 2 |a Obchodná fakulta EU. Katedra medzinárodného obchodu